Encyclopedia of Early Christianity / (Record no. 7355)
[ view plain ]
| 000 -LEADER | |
|---|---|
| fixed length control field | 01003nac a22002411u 4500 |
| 008 - FIXED-LENGTH DATA ELEMENTS--GENERAL INFORMATION | |
| fixed length control field | 130127s1990 us ||||| |||| 00| 0 eng d |
| 010 ## - LIBRARY OF CONGRESS CONTROL NUMBER | |
| LC control number | 89036997 |
| 020 ## - INTERNATIONAL STANDARD BOOK NUMBER | |
| International Standard Book Number | 0824057457 (alk. paper) |
| 082 00 - DEWEY DECIMAL CLASSIFICATION NUMBER | |
| Classification number | 270.103 |
| Edition number | 22 |
| Item number | ENC |
| 245 00 - TITLE STATEMENT | |
| Title | Encyclopedia of Early Christianity / |
| Statement of responsibility, etc | Everett Ferguson, editor ; Michael P. McHugh, Frederick W. Norris, associate editors ; David M. Scholer, consulting editor. |
| 260 ## - PUBLICATION, DISTRIBUTION, ETC. (IMPRINT) | |
| Place of publication, distribution, etc | New York : |
| Name of publisher, distributor, etc | Garland Pub., |
| Date of publication, distribution, etc | 1990. |
| 300 ## - PHYSICAL DESCRIPTION | |
| Extent | xix, 983 p. : |
| Other physical details | ill. ; |
| Dimensions | 26 cm. |
| 440 #0 - | |
| -- | Garland reference library of the humanities ; |
| -- | vol. 846 |
| -- | 32019 |
| 500 ## - GENERAL NOTE | |
| General note | distributer: Al-Ahram |
| 504 ## - BIBLIOGRAPHY, ETC. NOTE | |
| Bibliography, etc | Includes bibliographical references. |
| 511 ## - PARTICIPANT OR PERFORMER NOTE | |
| Participant or performer note | catalogued by: wessam |
| 650 #0 - SUBJECT ADDED ENTRY--TOPICAL TERM | |
| Topical term or geographic name as entry element | Church history |
| Chronological subdivision | Primitive and early church, ca. 30-600 |
| General subdivision | Encyclopedias. |
| 9 (RLIN) | 32020 |
| 700 1# - ADDED ENTRY--PERSONAL NAME | |
| Personal name | Ferguson, Everett, |
| Dates associated with a name | 1933- |
| 9 (RLIN) | 32021 |
| 700 1# - ADDED ENTRY--PERSONAL NAME | |
| Personal name | McHugh, Michael P. |
| 9 (RLIN) | 32022 |
| 700 1# - ADDED ENTRY--PERSONAL NAME | |
| Personal name | Norris, Frederick W., |
| Dates associated with a name | 1941- |
| 9 (RLIN) | 32023 |
| 700 1# - ADDED ENTRY--PERSONAL NAME | |
| Personal name | Scholer, David M. |
| 9 (RLIN) | 32024 |
| 942 ## - ADDED ENTRY ELEMENTS (KOHA) | |
| Item type | NB - Book (Non borrowing) |
| Call number prefix | 270.103 ENC |
| Source of classification or shelving scheme | Dewey Decimal Classification |
| Withdrawn status | Item status | Source of classification or shelving scheme | Damaged status | Not for loan | Vendor | Home library | Current library | Shelving location | Date acquired | Source of acquisition | Total Checkouts | Full call number | Barcode | Date last seen | Date last borrowed | Koha item type |
|---|---|---|---|---|---|---|---|---|---|---|---|---|---|---|---|---|
| Dewey Decimal Classification | Baccah | Central Library | Central Library | Lower Floor | 22/01/2008 | 1 | 270.103 ENC | 000008967 | 15/07/2025 | 23/04/2012 | NB - Book (Non borrowing) |